000 00456nam a2200181Ia 4500
008 240925s9999 xx 000 0 und d
020 _a70629552
082 _a621.38 TAU
100 _aTaub, Herbert
245 0 _aPrinciples of Communication Systems
250 _a2nd
260 _aNew York:
_bMc Graw HIll
_c,1986.
300 _a0
_bNA
_fOriginal
500 _aIncludes Index
600 _aElectronic Engineering
650 _aTechnology
942 _cBK
999 _c8003
_d8003